| 000 | 03211cam a22004814i 4500 | ||
|---|---|---|---|
| 003 | PE-LiUPU | ||
| 005 | 20250731173427.0 | ||
| 008 | 150706s2008 ag r 000 0 spa d | ||
| 035 | _a(Sirsi) a52052 | ||
| 040 |
_aPE-LiUPU _bspa _cPE-LiUPU _erda |
||
| 049 | _aPRUA | ||
| 082 | 0 | 4 |
_a286.732 _bD66 _221 |
| 110 | 2 | _aDivisión Sudamericana de la Asociación General de los Adventistas del Séptimo Día. | |
| 245 | 1 | 0 |
_aReglamentos eclesiásticos-administrativos 2009 / _cDivisión Sudamericana de la Asociación General de los Adventistas del Séptimo Día. |
| 264 | 1 |
_aBuenos Aires : _bAsociación Casa Editora Sudamericana, _c2008. |
|
| 300 |
_a636 páginas ; _c20 centímetros |
||
| 336 |
_atext _2rdacontent |
||
| 337 |
_aunmediated _2rdamedia |
||
| 338 |
_avolume _2rdacarrier |
||
| 505 | 0 | _aReglamentos eclesiástico-administrativos generales -- Plan administrativo de la División Sudamericana -- Plan administrativo de la División Sudamericana -- Modelo de estatutos y reglamentos interno -- Licencias/credenciales, estatutos, llamados, registro de servicios, vacaciones y finanzas personales de los obreros -- Ministerio de capellanía adventista -- Ministerios del Niño -- Comunicación -- Educación -- Ministerios de familia -- ministerios de la salud -- Asuntos públicos y Libertad religiosa -- Asociación Ministerial -- Ministerio de las publicaciones -- Escuela sabática y ministerios personales -- Mayordomía -- Testamentos y legados -- Ministerios de la mujer -- Jóvenes -- Espírito de profecía -- Agencia Adventista de desarrollo y recursos asistenciales -- Radios adventista mundial -- Producción de alimentos saludables -- Ministerio de apoyo -- Ministerio adventista -- Servicio de obreros interdivisión -- Servicio de obreros interunión -- Reglamento financieros generales -- Auditoría -- Sostén financiero de la organización -- Finanzas relacionadas con las instituciones educacionales -- Uso del diezmo -- Fondos para las misiones mundiales -- Recolección anual -- Plan de subsistencia y la asistencia a los obreros -- Plan pensión de Gracia (PPG -BD). | |
| 526 | _aSEG42 | ||
| 526 | _aSEG41 | ||
| 526 | _aSEG40 | ||
| 526 | _aSEG39 | ||
| 526 | _aP94 | ||
| 526 | _aP87 | ||
| 526 | _aP86 | ||
| 526 | _aP85 | ||
| 526 | _aP77 | ||
| 526 | _aP76 | ||
| 526 | _aP35 | ||
| 650 | 0 | 4 |
_aAdventistas del Séptimo Día _xGobierno. |
| 910 | _agl20130220 | ||
| 910 |
_adbm _bksl _cksl _d20200205 |
||
| 942 |
_2ddc _cBOOK |
||
| 949 |
_a286.732 D66 _wDEWEY _c1 _i66467 _lCCODEBUL1 _mBUL _p16.00 _r0 _sY _tLIBRO _u2015-07-06 _xBIBLIOTECA _zUNKNOWN _o.STAFF. Colección Teología |
||
| 994 |
_aC0 _bPEPRU |
||
| 596 | _a1 | ||
| 999 |
_a286.732 D66 _wDEWEY _c54642 _i66467 _d54642 _e2016-6-15 _f2021-11-11 _g7 _lCCODEBUL1 _mBUL _n2 _p16.00 _r0 _sY _tBOOK _u2015-7-6 _xTEOLOGIA _PP35 _o.STAFF. Colección Teología |
||
| 999 |
_a286.732 D66 2009 _wDEWEY _c1 _iCW001584 _f2021-12-22 _g2 _lCCODECWL1 _mBUL _p16.00 _r1 _sY _tBOOK _u2020-2-5 _xWHITE _zUNKNOWN _0DONACION _o.STAFF. Colección Elena de White |
||
| 980 |
_81 _gALBERTO SANCHEZ Responsable de Automatización |
||